[Event "aut_chT03"]
[Site "Jenbach"]
[Date "2003.11.28"]
[Round "1"]
[Board "1"]
[White "Kindermann, Stefan"]
[Black "Boensch, Uwe"]
[Result "1-0"]
[WhiteElo "2542"]
[BlackElo "2545"]
[PlyCount "131"]

1.e4 c5 2.Nf3 d6 3.Bb5+ Nd7 4.c3 a6 5.Ba4 Ngf6 6.Qe2 Qc7 7.O-O c4 8.Bc2 e5 9.a4
Rb8 10.Na3 b5 11.axb5 axb5 12.d3 cxd3 13.Bxd3 b4 14.Nb5 Qd8 15.cxb4 Be7 16.Bg5
O-O 17.Rfc1 h6 18.Bxf6 Nxf6 19.Na7 Bb7 20.b5 Ra8 21.Nc6 Qd7 22.Ra3 Bd8 23.Rxa8
Bxa8 24.Nxd8 Qxd8 25.h3 Re8 26.Qc2 d5 27.Nd2 dxe4 28.Nxe4 Nd5 29.Bc4 Nf4 30.Rd1
Qe7 31.f3 Bxe4 32.fxe4 h5 33.Kh2 h4 34.Qf2 Rb8 35.Ra1 Rb7 36.Ra8+ Kh7 37.b3 Qg5
38.Bf1 Rc7 39.Bc4 Rb7 40.Qf3 Qf6 41.Qg4 g6 42.Qc8 Nh5 43.Qg8+ Kh6 44.Qh8+ Qxh8
45.Rxh8+ Kg5 46.Rc8 Ng3 47.Rc6 f5 48.exf5 gxf5 49.b6 Rd7 50.Kg1 Kf4 51.Kf2 Ne4+
52.Ke1 Nc3 53.Ba6 Rd1+ 54.Kf2 Rd2+ 55.Kg1 Ne4 56.Kh2 Rd1 57.Rh6 Ng3 58.Rxh4+ Kg5
59.Kxg3 f4+ 60.Rxf4 exf4+ 61.Kf3 Rd6 62.b7 Rb6 63.Ke4 Rxb3 64.Kd5 f3 65.gxf3 Kf4
66.Kc5

[Event "aut_chT03"]
[Site "Jenbach"]
[Date "2003.11.28"]
[Round "1"]
[Board "2"]
[White "Schlosser, Philipp"]
[Black "Kosten, Anthony C."]
[Result "1-0"]
[WhiteElo "2560"]
[BlackElo "2507"]
[PlyCount "91"]

1.Nf3 c5 2.c4 Nc6 3.d4 cxd4 4.Nxd4 e6 5.g3 Bb4+ 6.Bd2 Be7 7.Bc3 Nf6 8.Bg2 O-O
9.O-O d5 10.Nd2 Bd7 11.Rc1 Nb4 12.Nc2 a5 13.a3 Nxc2 14.Qxc2 Bc6 15.Rfd1 Qb6
16.cxd5 Bxd5 17.e4 Ng4 18.Rf1 Bc6 19.h3 Nf6 20.Nc4 Qb5 21.Ne5 Rfc8 22.Nxc6 Rxc6
23.Rfd1 e5 24.Bf1 Qb6 25.Qa4 Qc7 26.Kg2 h5 27.h4 Ng4 28.Be2 Bc5 29.Bxg4 hxg4
30.Rd5 Bd4 31.Rxa5 Rc8 32.Ra8 Rxa8 33.Qxa8+ Kh7 34.Qe8 Bxc3 35.Rxc3 Rxc3 36.bxc3
Kg6 37.c4 Qd6 38.Qc8 Qd1 39.Qf5+ Kh6 40.Qxf7 Qe2 41.Qe6+ Kh7 42.Qxe5 Qf3+ 43.Kg1
Qxa3 44.Qh5+ Kg8 45.Qd5+ Kh7 46.e5

[Event "aut_chT03"]
[Site "Jenbach"]
[Date "2003.11.28"]
[Round "1"]
[Board "4"]
[White "Weinzettl, Ernst"]
[Black "Karner, Christoph"]
[Result "1-0"]
[WhiteElo "2343"]
[BlackElo "2352"]
[PlyCount "45"]

1.e4 c5 2.Nf3 d6 3.d4 cxd4 4.Nxd4 Nf6 5.Nc3 a6 6.Bg5 e6 7.f4 Be7 8.Qf3 h6 9.Bh4
Qc7 10.O-O-O Nbd7 11.Bg3 b5 12.e5 Bb7 13.Qe2 dxe5 14.fxe5 Nd5 15.Nxe6 Bg5+
16.Nxg5 Nxc3 17.bxc3 Qxc3 18.Rxd7 Kxd7 19.e6+ Kc6 20.Qe4+ Kb6 21.Bf2+ Kc7
22.Qf4+ Kc6 23.Bd3

[Event "aut_chT03"]
[Site "Jenbach"]
[Date "2003.11.28"]
[Round "1"]
[Board "6"]
[White "Blaas, Hansjoerg"]
[Black "Singer, Richard"]
[Result "1/2-1/2"]
[WhiteElo "2267"]
[BlackElo "2269"]
[PlyCount "39"]

1.e4 g6 2.d4 Bg7 3.f4 d5 4.e5 h5 5.Nf3 Nh6 6.c4 c6 7.Nc3 dxc4 8.Bxc4 Bg4 9.O-O
b5 10.Bb3 Nf5 11.Ne2 e6 12.h3 Bxf3 13.Rxf3 Na6 14.Be3 Bf8 15.a4 Nb4 16.Rc1 Be7
17.Bf2 Kf8 18.Nc3 a6 19.Ne4 h4 20.Nc5

[Event "aut_chT03"]
[Site "Jenbach"]
[Date "2003.11.28"]
[Round "1"]
[Board "1"]
[White "Rotstein, Arkadij"]
[Black "Bischoff, Klaus"]
[Result "1/2-1/2"]
[WhiteElo "2519"]
[BlackElo "2561"]
[PlyCount "113"]

1.c4 e6 2.Nf3 b6 3.g3 Bb7 4.Bg2 Nf6 5.O-O Be7 6.Nc3 O-O 7.Re1 d5 8.cxd5 Nxd5
9.e4 Nxc3 10.bxc3 Nc6 11.d4 Na5 12.Bf4 Re8 13.Qd3 c5 14.Rad1 cxd4 15.cxd4 Bb4
16.Rf1 Rc8 17.d5 Nc4 18.Qb3 Qe7 19.dxe6 fxe6 20.Rd4 b5 21.Rfd1 Bc6 22.Ne5 Nxe5
23.Bxe5 Ba5 24.Rd6 Kh8 25.h4 Bb6 26.Qb2 Bc5 27.R6d2 b4 28.Rc1 Ba4 29.Bf1 Qb7
30.Kh2 Bf8 31.Rxc8 Rxc8 32.Qd4 a5 33.Bc4 Qc6 34.Bb3 Bxb3 35.axb3 a4 36.bxa4 Qxa4
37.Qb6 Qe8 38.Bd6 Bxd6 39.Rxd6 Rb8 40.Rxe6 Qg8 41.Qa7 Ra8 42.Qe7 Rb8 43.Qc7 Rc8
44.Qe5 Qf7 45.Kg2 Rf8 46.f4 Qd7 47.Rd6 Qc7 48.Rd2 Qc4 49.f5 b3 50.Qe7 Rg8 51.f6
Qc3 52.Rd7 Qb2+ 53.Kf3 Qc3+ 54.Kf4 Qc1+ 55.Kf3 Qc3+ 56.Kf2 Qb2+ 57.Kf3

[Event "aut_chT03"]
[Site "Jenbach"]
[Date "2003.11.28"]
[Round "1"]
[Board "2"]
[White "Horvath, Jozsef"]
[Black "Beim, Valeri"]
[Result "1/2-1/2"]
[WhiteElo "2532"]
[BlackElo "2518"]
[PlyCount "53"]

1.c4 e5 2.g3 c6 3.d4 Bb4+ 4.Bd2 Bxd2+ 5.Qxd2 d6 6.Nc3 Nf6 7.Bg2 O-O 8.e3 Qe7
9.Nge2 Na6 10.O-O Be6 11.b3 Rad8 12.Rad1 Qc7 13.Qb2 Qc8 14.Rd2 Bh3 15.e4 Bxg2
16.Kxg2 Rfe8 17.Rfd1 Nc7 18.Qa3 a6 19.dxe5 dxe5 20.Rxd8 Rxd8 21.Rxd8+ Qxd8
22.Qb4 Qc8 23.Qd6 Nd7 24.Nc1 f6 25.b4 Kf7 26.Nb3 Ne6 27.c5

[Event "aut_chT03"]
[Site "Jenbach"]
[Date "2003.11.28"]
[Round "1"]
[Board "3"]
[White "Lau, Ralf"]
[Black "Steflitsch, Erich"]
[Result "1/2-1/2"]
[WhiteElo "2497"]
[BlackElo "2388"]
[PlyCount "38"]

1.d4 Nf6 2.Nf3 d5 3.e3 Bg4 4.h3 Bh5 5.g4 Bg6 6.Ne5 Nbd7 7.h4 h6 8.Nxg6 fxg6
9.Bd3 Kf7 10.f4 e6 11.Nd2 c5 12.c3 cxd4 13.exd4 Bd6 14.Qf3 Qc7 15.O-O Raf8 16.h5
gxh5 17.gxh5 Ke7 18.Rf2 Nh7 19.f5 Ng5

[Event "aut_chT03"]
[Site "Jenbach"]
[Date "2003.11.28"]
[Round "1"]
[Board "4"]
[White "Hoelzl, Franz"]
[Black "Balinov, Ilia"]
[Result "1-0"]
[WhiteElo "2361"]
[BlackElo "2398"]
[PlyCount "81"]

1.e4 c5 2.Nf3 Nc6 3.d4 cxd4 4.Nxd4 Nf6 5.Nc3 e5 6.Ndb5 d6 7.Nd5 Nxd5 8.exd5 Nb8
9.a4 Be7 10.c3 O-O 11.Be3 a6 12.Na3 Nd7 13.Nc4 b6 14.Be2 Bb7 15.a5 b5 16.Nb6
Nxb6 17.Bxb6 Qd7 18.b3 Bd8 19.Be3 f5 20.c4 e4 21.Qd2 Bf6 22.Rc1 Be5 23.g3 bxc4
24.bxc4 Kh8 25.Rb1 Rf7 26.Bf4 Bxf4 27.Qxf4 Qa4 28.O-O Qxa5 29.Qxd6 f4 30.Bh5 g6
31.Qe5+ Kg8 32.Bg4 Bc8 33.Rb8 Rxb8 34.Qxb8 Rf8 35.Bxc8 Qc3 36.Be6+ Kg7 37.Qd6
Rf6 38.Qe7+ Kh6 39.Bg8 Kg5 40.Qxe4 h5 41.h4+

[Event "aut_chT03"]
[Site "Jenbach"]
[Date "2003.11.28"]
[Round "1"]
[Board "1"]
[White "Mueller, Karsten"]
[Black "Shchekachev, Andrei"]
[Result "1-0"]
[WhiteElo "2517"]
[BlackElo "2520"]
[PlyCount "49"]

1.e4 c5 2.Nf3 d6 3.d4 cxd4 4.Nxd4 Nf6 5.Nc3 a6 6.Bc4 e6 7.Bb3 Nbd7 8.Bg5 h6
9.Bh4 Nc5 10.Qe2 Be7 11.O-O-O Qc7 12.f4 Nfxe4 13.Nxe4 Bxh4 14.Nf5 Nxb3+ 15.axb3
d5 16.Nxg7+ Kf8 17.Nh5 Be7 18.Nc3 b5 19.f5 b4 20.fxe6 bxc3 21.Rhf1 Rh7 22.Qd3
Bg5+ 23.Kb1 Kg8 24.exf7+ Rxf7 25.Qg6+

[Event "aut_chT03"]
[Site "Jenbach"]
[Date "2003.11.28"]
[Round "1"]
[Board "3"]
[White "Schlosser, Michael"]
[Black "Zelcic, Robert"]
[Result "0-1"]
[WhiteElo "2372"]
[BlackElo "2524"]
[PlyCount "82"]

1.e4 c5 2.Nf3 d6 3.d4 cxd4 4.Nxd4 Nf6 5.Nc3 Nc6 6.Bc4 Qb6 7.Nb3 e6 8.Bf4 Ne5
9.Be2 a6 10.O-O Be7 11.a4 Qc7 12.a5 O-O 13.Bg3 Bd7 14.Qd4 Rac8 15.Rfd1 Rfd8
16.Rd2 Be8 17.Rad1 Nc6 18.Qb6 Qb8 19.Kh1 Ne5 20.f3 Nh5 21.Bf2 h6 22.g3 Nf6
23.Kg2 Rc6 24.Qe3 Rdc8 25.h3 Nc4 26.Bxc4 Rxc4 27.g4 Nd7 28.Qe2 Ne5 29.Rd4 R4c6
30.Nd2 Bf6 31.Rb4 Ng6 32.Bg3 Bxc3 33.bxc3 Rxc3 34.Qf2 e5 35.Qb6 Bb5 36.Nb1 Rxc2+
37.Bf2 Nf4+ 38.Kg3 R8c6 39.Qe3 Re2 40.Qb3 Rcc2 41.Rf1 Qa7

[Event "aut_chT03"]
[Site "Jenbach"]
[Date "2003.11.28"]
[Round "1"]
[Board "5"]
[White "Perhinig, Robert"]
[Black "Schoeppl, Engelbert"]
[Result "1-0"]
[WhiteElo "2228"]
[BlackElo "2277"]
[PlyCount "69"]

1.d4 Nf6 2.c4 g6 3.Nc3 Bg7 4.e4 d6 5.f3 O-O 6.Be3 c6 7.Qd2 a6 8.O-O-O b5 9.g4
Nbd7 10.g5 Nh5 11.Nge2 Nb6 12.Ng3 Nxc4 13.Bxc4 bxc4 14.Nxh5 gxh5 15.f4 d5 16.f5
dxe4 17.Rdf1 Rb8 18.f6 exf6 19.gxf6 Bxf6 20.Nxe4 Bg7 21.Rhg1 Kh8 22.Rxg7 Kxg7
23.Bh6+ Kh8 24.Bxf8 Qxf8 25.Qf4 Rb5 26.Nd6 Be6 27.Nxb5 axb5 28.Rg1 h6 29.Qe5+
Kh7 30.Qe4+ Kh8 31.Qxc6 Qb8 32.Qe4 c3 33.bxc3 Bxa2 34.Qg2 Qf4+ 35.Kb2

[Event "aut_chT03"]
[Site "Jenbach"]
[Date "2003.11.28"]
[Round "1"]
[Board "6"]
[White "Ljubic, Juro"]
[Black "Frosch, Ronald"]
[Result "1/2-1/2"]
[WhiteElo "2241"]
[BlackElo "2210"]
[PlyCount "60"]

1.b3 d5 2.Bb2 Nf6 3.g3 e6 4.Bg2 Be7 5.f4 c5 6.Nf3 Nbd7 7.O-O b5 8.e3 Bb7 9.Nc3
b4 10.Ne2 O-O 11.h3 a5 12.g4 a4 13.Rb1 Ne4 14.d3 Nd6 15.Ng3 Nb5 16.bxa4 Nd6
17.c3 Bc6 18.cxb4 Bxa4 19.Qd2 cxb4 20.Nd4 Ra6 21.Rfc1 Nb8 22.a3 bxa3 23.Bxa3 Nc4
24.Bxe7 Nxd2 25.Bxd8 Nxb1 26.Be7 Rb6 27.Bxf8 Kxf8 28.f5 e5 29.f6 gxf6 30.Ndf5
Nc6

[Event "aut_chT03"]
[Site "Jenbach"]
[Date "2003.11.28"]
[Round "1"]
[Board "1"]
[White "Wells, Peter"]
[Black "Tischbierek, Raj"]
[Result "0-1"]
[WhiteElo "2493"]
[BlackElo "2507"]
[PlyCount "58"]

1.d4 e6 2.e4 d5 3.Nd2 c5 4.Ngf3 Nc6 5.exd5 exd5 6.Bb5 Bd6 7.dxc5 Bxc5 8.Nb3 Bd6
9.O-O Nge7 10.Re1 O-O 11.Bg5 Bg4 12.Bh4 Re8 13.Bg3 Bxg3 14.hxg3 Qb6 15.a4 Red8
16.Qd2 Bxf3 17.gxf3 a6 18.Bd3 Ng6 19.f4 Nf8 20.Bf5 h6 21.Rad1 Nh7 22.Bxh7+ Kxh7
23.f5 Rd6 24.a5 Qc7 25.Qf4 Rc8 26.c4 d4 27.Kg2 f6 28.Nc5 Ne5 29.Ne4 Rd7

[Event "aut_chT03"]
[Site "Jenbach"]
[Date "2003.11.28"]
[Round "1"]
[Board "2"]
[White "Vogt, Lothar"]
[Black "Rabiega, Robert"]
[Result "1/2-1/2"]
[WhiteElo "2466"]
[BlackElo "2527"]
[PlyCount "57"]

1.e4 e5 2.Nf3 Nf6 3.Nxe5 d6 4.Nf3 Nxe4 5.d4 d5 6.Bd3 Bd6 7.O-O O-O 8.c4 c6 9.Qc2
Re8 10.Nc3 Bg4 11.Nxe4 dxe4 12.Bxe4 Bxf3 13.Bxf3 Qh4 14.g3 Qxd4 15.Bg5 Qc5
16.Be3 Qe5 17.Rad1 Qf6 18.Be4 g6 19.c5 Bf8 20.b4 Na6 21.a3 Nc7 22.Rd7 Re7
23.Rfd1 a5 24.Kg2 axb4 25.axb4 Qe6 26.Rxe7 Bxe7 27.Bf4 Nb5 28.Bf3 Bf6 29.Be3

[Event "aut_chT03"]
[Site "Jenbach"]
[Date "2003.11.28"]
[Round "1"]
[Board "3"]
[White "Muse, Mladen"]
[Black "Lehner, Oliver"]
[Result "0-1"]
[WhiteElo "2452"]
[BlackElo "2404"]
[PlyCount "142"]

1.Nf3 Nf6 2.g3 b6 3.Bg2 Bb7 4.O-O c5 5.d3 e6 6.e4 d6 7.Nh4 Nc6 8.f4 Be7 9.c4 Nd7
10.Nf3 Qc7 11.Nc3 a6 12.Be3 Bf6 13.Rc1 Nd4 14.Bxd4 cxd4 15.Ne2 a5 16.g4 h6
17.Qe1 e5 18.h4 Be7 19.Qg3 O-O-O 20.g5 Kb8 21.b3 f6 22.g6 Qc5 23.Qf2 b5 24.Ng3
Rhe8 25.Nf5 Bf8 26.Qd2 b4 27.Ra1 Qb6 28.Rfb1 Nc5 29.Ng3 Ka7 30.a3 Kb8 31.axb4
Qxb4 32.Qd1 Kc7 33.Ne1 Ra8 34.Ne2 Qb6 35.Kh2 Reb8 36.Nc2 Bc6 37.b4 axb4 38.Rxa8
Rxa8 39.Nxb4 Qa5 40.Rb2 Na4 41.Rb3 Nc5 42.Rb2 Bb7 43.Qc2 Qa4 44.Qd2 Qe8 45.h5
Ra3 46.Ra2 Qa4 47.Rxa3 Qxa3 48.Nc1 Ne6 49.Ne2 Nc5 50.Nc1 Be7 51.Nca2 Ne6 52.f5
Nc5 53.Bf3 Bd8 54.Bg2 Qa4 55.Bf3 Kc8 56.Bd1 Qa3 57.Qc1 Qxc1 58.Nxc1 Ba5 59.Nca2
Kc7 60.Kg3 Bxb4 61.Nxb4 Kb6 62.Bc2 Ka5 63.Na2 Bc6 64.Kf2 Ba4 65.Bb1 Bb3 66.Ke2
Bxa2 67.Bxa2 Kb4 68.Kd2 Ka3 69.Bb1 Kb2 70.Bc2 Nb3+ 71.Kd1 Nc5

[Event "aut_chT03"]
[Site "Jenbach"]
[Date "2003.11.28"]
[Round "1"]
[Board "4"]
[White "Bokros, Albert"]
[Black "Herndl, Harald"]
[Result "1-0"]
[WhiteElo "2484"]
[BlackElo "2313"]
[PlyCount "89"]

1.e4 e6 2.d4 d5 3.Nc3 Nf6 4.e5 Nfd7 5.f4 c5 6.Nf3 Nc6 7.Be3 cxd4 8.Nxd4 Bc5
9.Qd2 a6 10.O-O-O O-O 11.Kb1 Bxd4 12.Bxd4 b5 13.Qf2 b4 14.Na4 Nxd4 15.Qxd4 Qa5
16.b3 Bb7 17.f5 exf5 18.Bd3 Bc6 19.Nb2 g6 20.h4 Rfe8 21.Rde1 Qc5 22.Qf4 Nf8
23.h5 Ra7 24.Bxf5 gxf5 25.Qg5+ Ng6 26.e6 f6 27.Qg3 f4 28.Qg4 f5 29.Qxf5 Nf8
30.Nd3 Qc3 31.Nxf4 Rc7 32.Re5 Qd2 33.Re2 Qd4 34.Re5 h6 35.Rhe1 Ree7 36.Qf6 Qd2
37.R5e2 Qc3 38.Re5 Bb7 39.R1e2 d4 40.Qxh6 d3 41.Nxd3 Nh7 42.Qg6+ Kh8 43.h6 Rc8
44.Qg4 Rf8 45.Nf4

[Event "aut_chT03"]
[Site "Jenbach"]
[Date "2003.11.28"]
[Round "1"]
[Board "6"]
[White "Beck, Hartmuth"]
[Black "Frosch, Erich"]
[Result "1-0"]
[WhiteElo "2280"]
[BlackElo "2341"]
[PlyCount "117"]

1.d4 Nf6 2.c4 e6 3.Nc3 d5 4.cxd5 exd5 5.Bg5 Be7 6.e3 O-O 7.Qc2 h6 8.Bh4 b6 9.Nf3
c5 10.dxc5 bxc5 11.Be2 Nc6 12.O-O Be6 13.Rfd1 Rc8 14.b3 Qa5 15.Rac1 Rfd8 16.Na4
g5 17.Bg3 Ne4 18.Nd2 Nb4 19.Qb1 Nxd2 20.Rxd2 c4 21.Be5 Nxa2 22.Rxa2 cxb3 23.Ra1
Rxc1+ 24.Qxc1 Rc8 25.Nc3 Qb6 26.Qb2 a5 27.Bd4 Bc5 28.Na4 Bxd4 29.exd4 Qb4 30.Nc5
Bf5 31.h3 Bc2 32.Kh2 Rxc5 33.dxc5 d4 34.c6 Qc5 35.Ra4 Qe5+ 36.Kg1 Qxe2 37.Rxd4
Qe1+ 38.Kh2 Qe5+ 39.f4 Qc7 40.Qc3 Kh7 41.Qc4 Kg7 42.Qb5 Qe7 43.Qb8 Qf6 44.c7 Bf5
45.Rd8 b2 46.c8=Q b1=Q 47.Rg8+ Kh7 48.Rh8+ Kg6 49.Qg8+ Kh5 50.fxg5 Qxb8+ 51.Qxb8
Qxg5 52.g4+ Bxg4 53.hxg4+ Qxg4 54.Qe5+ Qg5 55.Qxg5+ Kxg5 56.Ra8 f5 57.Kg3 h5
58.Rg8+ Kf6 59.Kf4

[Event "aut_chT03"]
[Site "Jenbach"]
[Date "2003.11.28"]
[Round "1"]
[Board "2"]
[White "Atlas, Valery"]
[Black "Schenk, Andreas"]
[Result "1/2-1/2"]
[WhiteElo "2471"]
[BlackElo "2499"]
[PlyCount "52"]

1.e4 e6 2.d4 d5 3.Nc3 Nf6 4.e5 Nfd7 5.Nce2 c5 6.f4 Nc6 7.Nf3 Qb6 8.c3 f6 9.g3
cxd4 10.Nexd4 fxe5 11.fxe5 Nc5 12.Bh3 Be7 13.O-O O-O 14.Qe2 Nxd4 15.Nxd4 Rxf1+
16.Kxf1 Bd7 17.Kg2 Kh8 18.Be3 Qc7 19.Bg1 Rf8 20.Bg4 a6 21.Re1 Qc8 22.h4 b5
23.Be3 Ne4 24.Rf1 Rxf1 25.Qxf1 Kg8 26.Qf4 Nc5

[Event "aut_chT03"]
[Site "Jenbach"]
[Date "2003.11.28"]
[Round "1"]
[Board "3"]
[White "Balogh, Csaba"]
[Black "Naumann, Alexander"]
[Result "0-1"]
[WhiteElo "2456"]
[BlackElo "2529"]
[PlyCount "62"]

1.e4 c5 2.Nf3 d6 3.d4 cxd4 4.Nxd4 Nf6 5.Nc3 a6 6.Bc4 e6 7.Bb3 b5 8.O-O b4 9.Na4
Bd7 10.f4 Nc6 11.Be3 Rb8 12.c3 Be7 13.cxb4 Rxb4 14.Nc3 O-O 15.Nc2 Rb8 16.Qe2 Na5
17.Nd4 Nxb3 18.Nxb3 a5 19.Rac1 Bc6 20.f5 e5 21.Qa6 Bxe4 22.Nxe4 Nxe4 23.Nxa5 Ra8
24.Qc6 Qxa5 25.Qxe4 Qxa2 26.b4 Rab8 27.Rb1 Rfc8 28.Rfc1 Qe2 29.Kh1 Rxc1+ 30.Rxc1
h6 31.h4 Bf6

[Event "aut_chT03"]
[Site "Jenbach"]
[Date "2003.11.28"]
[Round "1"]
[Board "4"]
[White "Sinowjew, Jurij"]
[Black "Baumegger, Siegfried"]
[Result "0-1"]
[WhiteElo "2290"]
[BlackElo "2374"]
[PlyCount "74"]

1.Nf3 d5 2.b3 Bg4 3.Bb2 Nd7 4.e3 e6 5.Be2 Ngf6 6.d3 Bd6 7.h3 Bxf3 8.Bxf3 O-O
9.O-O Qe7 10.g3 a5 11.a3 b5 12.Bg2 a4 13.b4 c5 14.bxc5 Nxc5 15.Nc3 Rab8 16.e4
dxe4 17.dxe4 e5 18.Qe2 Ne6 19.Nd5 Nxd5 20.exd5 Nc5 21.Rfe1 Rfe8 22.Bc1 Nd7
23.Rd1 Rec8 24.Rb1 Bxa3 25.Bxa3 Qxa3 26.Rxb5 Qd6 27.Rxb8 Rxb8 28.Qc4 Nc5 29.Qc3
f6 30.Qa5 Kf8 31.Bf1 Qb6 32.Qe1 a3 33.Bc4 Qb4 34.Qe2 Na4 35.d6 Nc3 36.Qd3 e4
37.Qd4 Ne2+

[Event "aut_chT03"]
[Site "Jenbach"]
[Date "2003.11.28"]
[Round "1"]
[Board "5"]
[White "Kuba, Guenter"]
[Black "Novkovic, Milan"]
[Result "1/2-1/2"]
[WhiteElo "2339"]
[BlackElo "2371"]
[PlyCount "85"]

1.e4 Nf6 2.e5 Nd5 3.d4 d6 4.c4 Nb6 5.exd6 exd6 6.Nc3 Be7 7.h3 O-O 8.Nf3 Re8
9.Be2 Bf6 10.O-O Bf5 11.b3 Nc6 12.Be3 d5 13.c5 Nc8 14.a3 Be4 15.b4 a6 16.b5 axb5
17.Nxb5 Na5 18.Bf4 Re7 19.Ne5 c6 20.Nc3 Bg6 21.Re1 Re8 22.Bd3 Bxe5 23.Rxe5 Rxe5
24.Bxe5 b6 25.Bxg6 hxg6 26.cxb6 Nxb6 27.a4 Nac4 28.Bg3 Nc8 29.Qb3 Qd7 30.Qb4 Ne7
31.a5 Nf5 32.a6 Qa7 33.Qb7 Nxg3 34.fxg3 Qxd4+ 35.Kh2 Ra7 36.Rb1 Kh7 37.Ne2 Qf2
38.Nf4 Nd2 39.Nd3 Qd4 40.Rb4 Nf1+ 41.Kh1 Nxg3+ 42.Kh2 Nf1+ 43.Kh1

[Event "aut_chT03"]
[Site "Jenbach"]
[Date "2003.11.28"]
[Round "1"]
[Board "6"]
[White "Gaertner, Guntram"]
[Black "Posch, Siegfried"]
[Result "1-0"]
[WhiteElo "2340"]
[BlackElo "2075"]
[PlyCount "59"]

1.d4 d5 2.c4 c6 3.cxd5 cxd5 4.Nf3 Nf6 5.Nc3 g6 6.Bf4 Qa5 7.e3 Bg7 8.h3 O-O 9.Bd3
Nc6 10.O-O a6 11.Rc1 Bd7 12.Qb3 Qb4 13.Nxd5 Nxd5 14.Qxd5 Be6 15.Qc5 Bxa2 16.Be4
Qxc5 17.Rxc5 Rac8 18.Rfc1 e6 19.Bxc6 bxc6 20.Nd2 e5 21.Bxe5 Bxe5 22.Rxe5 Rb8
23.Rxc6 Rxb2 24.Ne4 Ra8 25.Ra5 Kg7 26.Rcxa6 Rxa6 27.Rxa6 Bd5 28.Nc3 Bb7 29.Ra2
Rb3 30.Rc2

[Event "aut_chT03"]
[Site "Jenbach"]
[Date "2003.11.28"]
[Round "1"]
[Board "1"]
[White "Gyimesi, Zoltan"]
[Black "Volkmann, Friedrich Karl"]
[Result "1-0"]
[WhiteElo "2553"]
[BlackElo "2457"]
[PlyCount "77"]

1.d4 d5 2.c4 c6 3.Nf3 Nf6 4.Nc3 e6 5.Bg5 Nbd7 6.cxd5 exd5 7.e3 Be7 8.Qc2 Nh5
9.Bxe7 Qxe7 10.O-O-O g6 11.Bd3 Ndf6 12.h3 Ng7 13.g4 Be6 14.Kb1 O-O-O 15.Ne5 Kb8
16.Na4 Nd7 17.Nxd7+ Bxd7 18.Nc5 h5 19.Be2 hxg4 20.hxg4 Ne6 21.Nd3 f6 22.a3 g5
23.Ka2 Rh4 24.Nc1 c5 25.Bf3 cxd4 26.exd4 Rxh1 27.Bxh1 Nf4 28.Bf3 Rc8 29.Qb3 Qd6
30.Nd3 Nxd3 31.Rxd3 Rc4 32.Rd2 a6 33.Be2 Ba4 34.Qe3 Rc7 35.Bf3 Re7 36.Qc3 Re1
37.Qc5 Qf4 38.Rd3 Bc6 39.Bxd5

[Event "aut_chT03"]
[Site "Jenbach"]
[Date "2003.11.28"]
[Round "1"]
[Board "2"]
[White "Schroll, Gerhard"]
[Black "Ftacnik, Lubomir"]
[Result "1/2-1/2"]
[WhiteElo "2404"]
[BlackElo "2582"]
[PlyCount "92"]

1.d4 Nf6 2.Nf3 g6 3.Nc3 Bg7 4.e4 d6 5.Be3 c6 6.Qd2 b5 7.Bd3 Nbd7 8.Bh6 Bxh6
9.Qxh6 e5 10.dxe5 dxe5 11.O-O Qe7 12.Rfd1 Nc5 13.Ng5 Bg4 14.f3 Bd7 15.b4 Nxd3
16.Rxd3 Nh5 17.Ne2 f6 18.g4 Ng7 19.Rad1 O-O-O 20.Nh3 Ne6 21.a3 g5 22.Ng3 Nd4
23.c3 Ne6 24.Nf5 Qf8 25.Qxf8 Rhxf8 26.Kf1 Kc7 27.Ke1 Bc8 28.Rxd8 Nxd8 29.Nf2 Be6
30.Nd3 Bb3 31.Rd2 Ne6 32.Nc5 Nxc5 33.bxc5 Rd8 34.Rd6 Rxd6 35.Nxd6 Kd7 36.Kd2 Be6
37.Kd3 Ke7 38.Kd2 Kf8 39.Nf5 Bxf5 40.exf5 Ke7 41.Kc2 Kd7 42.Kb3 Kc8 43.Kb4 Kc7
44.h3 Kb7 45.Ka5 h6 46.a4 bxa4

[Event "aut_chT03"]
[Site "Jenbach"]
[Date "2003.11.28"]
[Round "1"]
[Board "3"]
[White "Babula, Vlastimil"]
[Black "Loeffler, Stefan"]
[Result "1/2-1/2"]
[WhiteElo "2594"]
[BlackElo "2413"]
[PlyCount "111"]

1.d4 d5 2.c4 e6 3.Nc3 Bb4 4.Nf3 dxc4 5.e3 b5 6.a4 c6 7.Nd2 Qd7 8.g3 Nf6 9.Bg2
Bb7 10.Qf3 Nd5 11.e4 Nb6 12.e5 Qxd4 13.O-O bxa4 14.Nde4 N8d7 15.Rd1 Qxe5 16.Bf4
Qf5 17.g4 Qg6 18.Bd6 a5 19.Nxa4 Nxa4 20.Rxa4 f5 21.gxf5 exf5 22.Bxb4 fxe4 23.Qh3
Qf7 24.Bd6 c5 25.Qc3 Bd5 26.Rxa5 Rxa5 27.Qxa5 Qe6 28.Qc7 Rg8 29.Rxd5 Qxd5
30.Qc8+ Kf7 31.Qxd7+ Kg6 32.Qg4+ Kf6 33.Qh4+ g5 34.Qh6+ Rg6 35.Qf8+ Ke6 36.Bxc5
Qd1+ 37.Bf1 Qg4+ 38.Kh1 Kd5 39.Ba3 Qf3+ 40.Kg1 Qxf8 41.Bxf8 g4 42.Be2 h5 43.Kg2
Rf6 44.Bg7 Rf7 45.Bc3 Rf8 46.Bd1 Ra8 47.Kg3 Ra1 48.Bc2 Rc1 49.Ba4 Rg1+ 50.Kf4
Rg2 51.Be1 e3 52.Kxe3 Rxh2 53.Bc2 g3 54.Be4+ Kc5 55.fxg3 Rxb2 56.Bc3

[Event "aut_chT03"]
[Site "Jenbach"]
[Date "2003.11.28"]
[Round "1"]
[Board "5"]
[White "Weiss, Christian"]
[Black "Roth, Peter"]
[Result "1-0"]
[WhiteElo "2389"]
[BlackElo "2301"]
[PlyCount "83"]

1.Nf3 d6 2.d4 Bg4 3.e4 Nf6 4.h3 Bh5 5.Nc3 e6 6.Qe2 c6 7.Bg5 Be7 8.g4 Bg6 9.Bxf6
Bxf6 10.O-O-O Qa5 11.Qe3 Nd7 12.Nd2 O-O-O 13.f4 h6 14.Kb1 Rhe8 15.Bg2 d5 16.e5
Be7 17.Rhf1 Bh7 18.Nb3 Qa6 19.f5 b5 20.Rf3 Nb6 21.Bf1 Nc4 22.Qf2 Qb6 23.Bd3 Bg8
24.f6 gxf6 25.Rxf6 a5 26.Ne2 a4 27.Nbc1 a3 28.b3 Nb2 29.Rf1 c5 30.dxc5 Bxc5
31.Qf4 Be3 32.Qb4 Nxd3 33.Nxd3 Bg5 34.Nd4 Bxf6 35.Rxf6 Bh7 36.Nc5 Re7 37.Qxa3
Ra7 38.Qb4 Rc7 39.Na4 Qa7 40.Nc3 Rc4 41.bxc4 Qxd4 42.Rxf7

[Event "aut_chT03"]
[Site "Jenbach"]
[Date "2003.11.28"]
[Round "1"]
[Board "6"]
[White "Wiedner, Robert"]
[Black "Knoll, Hermann"]
[Result "0-1"]
[WhiteElo "2237"]
[BlackElo "2393"]
[PlyCount "64"]

1.d4 Nf6 2.c4 g6 3.Nc3 Bg7 4.g3 O-O 5.Bg2 d6 6.b3 Nc6 7.Bb2 a6 8.h3 Rb8 9.e3 Bd7
10.Nf3 Qc8 11.Nd2 e5 12.d5 Ne7 13.g4 Ne8 14.b4 h6 15.c5 f5 16.gxf5 Nxf5 17.Nce4
Qd8 18.Qc2 Nh4 19.Bf1 Bf5 20.O-O-O Kh8 21.Qc4 Qe7 22.Be2 Rc8 23.c6 bxc6 24.Qxc6
Bd7 25.Qxa6 c6 26.Kb1 Nc7 27.Qb7 cxd5 28.Nc3 d4 29.Nce4 d5 30.Nc5 Rb8 31.Qa7 Ra8
32.Qb6 Rf6

[Event "aut_chT03"]
[Site "Jenbach"]
[Date "2003.11.29"]
[Round "2"]
[Board "2"]
[White "Beim, Valeri"]
[Black "Kosten, Anthony C."]
[Result "1/2-1/2"]
[WhiteElo "2518"]
[BlackElo "2507"]
[PlyCount "56"]

1.Nf3 c5 2.c4 Nc6 3.Nc3 Nd4 4.Ng1 Nc6 5.e3 Nf6 6.Nf3 e5 7.a3 d5 8.cxd5 Nxd5
9.Bb5 Nxc3 10.bxc3 Bd6 11.e4 Qc7 12.O-O O-O 13.d3 Na5 14.h3 a6 15.Ba4 b5 16.Bc2
Bb7 17.Nh4 g6 18.Bh6 Rfe8 19.Qg4 Bc8 20.Qg5 Bf8 21.Bxf8 Rxf8 22.Qf6 Qd8 23.Qxd8
Rxd8 24.Nf3 f6 25.Rab1 Rb8 26.Rfd1 Be6 27.Kf1 Kf7 28.Ke2 Ke7

[Event "aut_chT03"]
[Site "Jenbach"]
[Date "2003.11.29"]
[Round "2"]
[Board "5"]
[White "Wittmann, Walter"]
[Black "Mahdy, Khaled"]
[Result "1/2-1/2"]
[WhiteElo "2326"]
[BlackElo "2418"]
[PlyCount "115"]

1.e4 e5 2.Nf3 Nc6 3.Bb5 a6 4.Bxc6 dxc6 5.O-O Qd6 6.Na3 Be6 7.Qe2 f6 8.Rd1 O-O-O
9.d4 exd4 10.Rxd4 Qe7 11.Rxd8+ Qxd8 12.b3 Bc5 13.Bb2 Nh6 14.h3 Re8 15.Nc4 Qe7
16.Ne3 Nf7 17.Bd4 Bd6 18.Re1 Bf4 19.Nd2 Rd8 20.Bb2 Qc5 21.Ndf1 Qg5 22.Kh1 Ne5
23.Rd1 Rxd1 24.Nxd1 Ng6 25.Bd4 Bd6 26.Be3 Qe5 27.f3 b5 28.c3 Qh5 29.Nf2 Ne5
30.Kg1 Nd7 31.Qd2 Kb7 32.Bf4 Ne5 33.Ng4 Qg6 34.Kh1 Bxg4 35.hxg4 h5 36.gxh5 Qxh5+
37.Kg1 Qh4 38.Be3 Kc8 39.Qe2 Qh5 40.Qd2 Ng6 41.Qf2 Kb7 42.g3 Ne5 43.Kg2 c5
44.Qe2 c4 45.Bf4 cxb3 46.axb3 Qe8 47.c4 Bc5 48.Bxe5 fxe5 49.Ne3 c6 50.Qd3 Qe6
51.Ng4 bxc4 52.bxc4 Qd6 53.Qb3+ Ka7 54.Kh3 Qd4 55.Qc2 Qa1 56.Nh2 Qa3 57.Qd2 Bd4
58.Qg5

[Event "aut_chT03"]
[Site "Jenbach"]
[Date "2003.11.29"]
[Round "2"]
[Board "6"]
[White "Kilgus, Georg"]
[Black "Watzka, Horst"]
[Result "1-0"]
[WhiteElo "2340"]
[BlackElo "2338"]
[PlyCount "109"]

1.d4 Nf6 2.c4 e6 3.Nf3 b6 4.Bf4 Bb7 5.e3 Be7 6.Nc3 O-O 7.Bd3 d5 8.cxd5 exd5
9.Ne5 c5 10.O-O Nc6 11.Rc1 Nxe5 12.Bxe5 Re8 13.Nb5 Rf8 14.dxc5 bxc5 15.Qe2 Qb6
16.b3 Ne8 17.Nc3 Qe6 18.Bg3 f5 19.f3 Nf6 20.Rfe1 Kh8 21.Na4 Rac8 22.Rc2 Nd7
23.Qd2 Bd8 24.Bf1 Bb6 25.Bb5 Nf6 26.Rec1 Qe7 27.Nxb6 axb6 28.b4 Nh5 29.Bf2 c4
30.a3 Qe5 31.a4 Qe7 32.Qd4 Qxb4 33.Qxb6 Bc6 34.Be1 Qb3 35.Bc3 Bxb5 36.Qxb5 Qxb5
37.axb5 Rb8 38.Rb1 f4 39.Be5 Rb7 40.Kf2 Kg8 41.Rd2 fxe3+ 42.Kxe3 Nf4 43.Bxf4
Re7+ 44.Kf2 Rxf4 45.Rxd5 Kf7 46.Rc1 Rc7 47.Ke3 Ke6 48.Rh5 Rf8 49.Rxh7 Rd8 50.Rh4
Rd3+ 51.Ke2 Kd5 52.b6 Re7+ 53.Re4 Rxe4+ 54.fxe4+ Kc5 55.Rb1

[Event "aut_chT03"]
[Site "Jenbach"]
[Date "2003.11.29"]
[Round "2"]
[Board "2"]
[White "Schwarz, Michael"]
[Black "Horvath, Jozsef"]
[Result "1/2-1/2"]
[WhiteElo "2411"]
[BlackElo "2532"]
[PlyCount "57"]

1.Nf3 Nf6 2.d4 e6 3.g3 d5 4.Bg2 Be7 5.O-O O-O 6.c4 c6 7.Nbd2 Nbd7 8.Qc2 b6 9.b3
Bb7 10.Bb2 Rc8 11.Rac1 c5 12.e3 dxc4 13.bxc4 Rc7 14.Ne5 Bxg2 15.Kxg2 cxd4
16.Nxd7 Qxd7 17.exd4 b5 18.Qb3 bxc4 19.Rxc4 Rb7 20.Qc2 Qd5+ 21.Kg1 h5 22.Re1 Nd7
23.Nb3 h4 24.Qe4 hxg3 25.hxg3 Nf6 26.Qxd5 Nxd5 27.Rec1 Rb6 28.Ra4 Ra8 29.Ba3